000 00837nam a2200217Ia 4500
005 20241129105926.0
008 241129s9999||||xx |||||||||||||| ||und||
020 _a978-93-92757-40-2
037 _aTB
040 _aARTS
_bhin
_cARTS
041 _ahin
_2hin
084 _aO152,3:g R2
_qARTS
100 _aराहुल सिंह, ले.
245 0 _aहिन्दी कहानी: अन्तर्वस्तु का शिल्प: ग्यारह कहानीकारों के सन्दर्भ में
_cराहुल सिंह, ले.
260 _aनई दिल्ली, भारत
_bराजकमल प्रकाशन
_c2022
300 _a182पृ0
365 _aINR
_b495
650 _aHindi Fiction
942 _cTB
_hO152,3:g R2
999 _c1226615
_d1226615